Esplicaciones de código de procedimiento civil: 1º i 2º curso, correspondientes al 4º i 5º año de Derecho

Salvato in:
Dettagli Bibliografici
Autore principale: Freeman L., Pedro (Autore)
Natura: Libro
Lingua:spagnolo
Pubblicazione: Santiago A. Tesche 1915
Soggetti:
Tags: Aggiungi Tag
Nessun Tag, puoi essere il primo ad aggiungerne!!

MARC

LEADER 00000nam a2200000 a 4500
001 UCS0954
003 CL-VaPUC
008 970506e19150000CL |||||||||||||||||spa|d
082 0 4 |a 347.012  |b FRE  |2 21 
100 0 |a Freeman L., Pedro  |e author  |9 384874 
245 1 0 |a Esplicaciones de código de procedimiento civil: 1º i 2º curso, correspondientes al 4º i 5º año de Derecho 
300 |a 354 p 
942 |c BK 
945 |d 19970506 00:00:00  |a cmena 
260 |a Santiago  |b A. Tesche  |c 1915 
650 0 |a Derecho procesal civil  |9 258071 
650 0 |a Derecho civil  |9 255013 
650 0 |a Recurso de casación  |9 258890 
650 0 |a Tribunales de justicia   |9 328494 
650 0 |a Jurisprudencia  |9 255952 
650 0 |a Acción procesal  |9 384844 
650 0 |a Administración de justicia  |9 382749 
650 0 |a Poder judicial  |9 254871 
650 0 |a Sentencias  |9 256250 
650 7 |a LITIGIO  |2 CL-VaPUC  |9 384222 
651 7 |a CHILE  |2 CL-VaPUC  |9 384877 
583 |a last modification  |c 19970506 00:00:00  |k Rodrigo Vera 
999 |c 259069  |d 259067 
952 |0 0  |1 0  |4 0  |6 347_012000000000000_FRE_1915  |7 0  |8 A  |9 283604  |a BIBDER  |b BIBDER  |d 2019-11-19  |i 1837877  |o 347.012 FRE 1915  |p 1837877  |r 2023-01-25  |w 2019-11-19  |y BK  |k DER